00340nam a2200109 a 450000100100000000500170001000800410002704000250006824500600009326000420015330000350019500003412220200930070807.0110926s1970 xxu 000 0 spa d aDO-SdBNPbspacBNPHU03aEl mundo en su mano :benciclopedia de datos últiles. aNueva York :bEditora Moderna,c1970. a511 p. :bil., retrs ;c20 cm.